ADVENTURES OF BAR0ON VON MENCHHAUSEN (Record no. 3670)
[ view plain ]
| 000 -LEADER | |
|---|---|
| fixed length control field | 00307nam a22001337a 4500 |
| 020 ## - INTERNATIONAL STANDARD BOOK NUMBER | |
| ISBN | 978-81-286-2608-1 |
| 082 ## - DEWEY DECIMAL CLASSIFICATION NUMBER | |
| Classification number | 823 |
| Item number | EUR/A |
| 100 ## - MAIN ENTRY--AUTHOR NAME | |
| Personal name | EURO BOOKS |
| 245 ## - TITLE STATEMENT | |
| Title | ADVENTURES OF BAR0ON VON MENCHHAUSEN |
| Remainder of title | SHORT STORY |
| 300 ## - PHYSICAL DESCRIPTION | |
| Number of Pages | 40 |
| 520 ## - SUMMARY, ETC. | |
| Summary, etc | CLASSICS STORY |
| 650 ## - SUBJECT ADDED ENTRY--TOPICAL TERM | |
| Topical Term | CLASSICS STORY |
| 942 ## - ADDED ENTRY ELEMENTS (KOHA) | |
| Koha item type | Books |
| Withdrawn status | Lost status | Collection code | Home library | Current library | Shelving location | Date acquired | Source of acquisition | Full call number | Accession Number | Koha item type |
|---|---|---|---|---|---|---|---|---|---|---|
| Fiction | Main Library | Main Library | SHELF 4-H HARDY BOYS,CAPTAIN UNDERPANTHS,TALES FOR CHILDREN | 06/03/2012 | Purchase | 823 EUR/A | 06308 | Books |